Islas Filipinas : (Record no. 164883)

MARC details
000 -LEADER
campo de control de longitud fija 00719nam a2200181 i 4500
001 - NÚMERO DE CONTROL
campo de control 164883
003 - IDENTIFICADOR DE NÚMERO DE CONTROL
campo de control ES-MaACL
005 - FECHA Y HORA DE LA ÚLTIMA TRANSACCIÓN
campo de control 20230906213027.0
008 - DATOS DE LONGITUD FIJA--INFORMACIÓN GENERAL
campo de control de longitud fija 981201s1880 sp |||| | spa d
100 1# - ENTRADA PRINCIPAL--NOMBRE DE PERSONA
Nombre de persona Scheidnagel, Manuel.
9 (RLIN) 132534
245 14 - MENCIÓN DEL TÍTULO
Título Islas Filipinas :
Resto del título las colonias españolas de Asia /
Mención de responsabilidad, etc. por Manuel Scheidnagel.
260 ## - PUBLICACIÓN, DISTRIBUCIÓN, ETC.
Lugar de publicación, distribución, etc. Madrid :
Nombre del editor, distribuidor, etc. [s.n.],
Fecha de publicación, distribución, etc. 1880 (
Fabricante Imp. de los Sres. Pacheco y Pinto)
300 ## - DESCRIPCIÓN FÍSICA
Extensión 203 p., [1] h. pleg. de mapa ;
Dimensiones 25 cm.
530 ## - NOTA DISPONIBLE DE FORMULARIO FÍSICO ADICIONAL
Nota de formato físico adicional disponible Disponible en formato digital.
651 #4 - PUNTO DE ACCESO ADICIONAL DE MATERIA--NOMBRE GEOGRÁFICO
Nombre geográfico Filipinas-
Subdivisión general Descripción.
9 (RLIN) 8657
852 ## - LOCALIZACIÓN
Ubicación ES-MaACL
Número de control de estantería G-6691
Nota libre - Enc. hol.
856 ## - LOCALIZACIÓN Y ACCESO ELECTRÓNICOS
Identificador Uniforme de Recursos <a href="https://bibliotecadigital.aecid.es/bibliodig/es/consulta/registro.do?id=6484">https://bibliotecadigital.aecid.es/bibliodig/es/consulta/registro.do?id=6484</a>
Nota pública Biblioteca Digital AECID
Holdings
Estatus retirado Estado de pérdida Estado de daño No para préstamo Colección Biblioteca de origen Biblioteca actual Ubicación en estantería Fecha de adquisición Fuente de adquisición Total de préstamos Signatura topográfica completa Código de barras Visto por última vez Precio de reemplazo Tipo de ítem Koha
        Colección digital Biblioteca del Ateneo de Madrid Biblioteca del Ateneo de Madrid Depósito 2 17/01/2008     G-6691 1172845 23/02/2023 23/02/2023 Libro impreso antiguo